| 000 | 00388pab a2200121 454500 | ||
|---|---|---|---|
| 008 | 180718b xxu||||| |||| 00| 0 eng d | ||
| 100 | _aBishop, Peter C. | ||
| 245 | _aImplementing the Americans with disabilities act of 1990: assessing the variables of success | ||
| 650 | _aHandicapped - U.S.A. | ||
| 700 | _aJones, ugustus J., Jr. | ||
| 773 | _aPublic Administration Review | ||
| 909 | _a24351 | ||
| 999 |
_c24351 _d24351 |
||